000 01428cam a2200301 4500
001 ABS67822
008 040601n2004 000 0 eng u
035 _a(Sirsi) u126342
100 _aTinworth, A.
245 2 _aA retail listings site that thinks it's a search engine
260 _c2004
490 _aEstates Gazette
_v(0421) 22 May 2004, 139(1)
520 _aLooks at the relaunched "Shopproperty" website www.shopproperty.co.uk now owned by Propex PrimePitch. It aims to be a search engine for shops with agents paying £25 to list on the site, which includes full property details and a GOAD map extract. Searches are free and shopping centre owners can pay to have their details come first in the results. Propex PrimePitch will be developing a marketing platform for retail properties similar to Propex, the property investment marketing system that mimics the type of screen City traders rely on and will be rebuilding PrimePitch into a vehicle for indirect investment in property.
590 _aABS
590 _aABS
650 _aPROPERTY-COMMERCIAL PROPERTY-RETAIL PROPERTY-RETAIL PROPERTY MARKET
650 _aSHOPS
650 _aPRIMEPITCH
650 _aGOAD MAPS
650 _aSHOPPING CENTRES
650 _aPROPEX
650 _aRETAIL PROPERTY
650 _aPROPERTY INVESTMENT
650 _aMARKETING
650 _aSHOPPROPERTY
690 _aCOMMERCIAL PROPERTY-RETAIL
942 _n0
999 _c117427
_d117427